MARC

LEADER 00000nam0a2200000 4500
001 26553
005 20231030201655.0
035 |a (RuTPU)RU\TPU\book\26797 
035 |a BOOK00026872 
090 |a 26553 
100 |a 20011209d1994 k y0rusy50 ca 
101 0 |a rus 
102 |a RU 
105 |a y z 001zy 
200 1 |a Водосбор  |f Российский научно-исследовательский институт комплексного использования и охраны водных ресурсов ; под ред. Е. С. Черняева 
210 |a Екатеринбург  |c [Б. и.]  |d 1994 
215 |a 160 с. 
517 1 |a Управление водными ресурсами на водосборе 
610 1 |a гидрогеология 
610 1 |a водосбор 
610 1 |a геоэкосистема 
610 1 |a антропогенез 
610 1 |a восстановительные мероприятия 
610 1 |a водные ресурсы 
610 1 |a управление 
610 1 |a охрана 
675 |a 556.3  |v 3 
702 1 |a Черняев  |b Е. С.  |4 340 
712 0 2 |a Российский научно-исследовательский институт комплексного использования и охраны водных ресурсов  |c (Екатеринбург)  |2 stltpush  |3 (RuTPU)RU\TPU\col\87 
801 0 |a RU  |b 63413507  |c 20011209  |g PSBO 
801 2 |a RU  |b 63413507  |c 20100201  |g PSBO 
900 |a Управление водными ресурсами 
942 |c BK